Normal view MARC view
  • Cricket players

Entry Topical Term

Number of records used in: 1

001 - CONTROL NUMBER

  • control field: 108148

003 - CONTROL NUMBER IDENTIFIER

  • control field: NUST

005 - DATE AND TIME OF LATEST TRANSACTION

  • control field: 20230131093551.0

008 - FIXED-LENGTH DATA ELEMENTS

  • fixed length control field: 230131|| aca||aabn | a|a d

040 ## - CATALOGING SOURCE

  • Original cataloging agency: NUST
  • Transcribing agency: NUST

150 ## - HEADING--TOPICAL TERM

  • Topical term or geographic name entry element: Cricket players
  • General subdivision: Travel
  • Geographic subdivision: South Africa

670 ## - SOURCE DATA FOUND

  • Source citation: Work cat.: (NUST)178811: Khan, Shaharyar M., Cricket : , 2005.
© 2023 Central Library, National University of Sciences and Technology. All Rights Reserved.